000 00272nam a2200109Ia 4500
008 201223s9999 xx 000 0 und d
100 _aBasham, A.L. (Ed.)
245 2 _aA cultural history of India
260 _aDelhi
_bOxford University Press
300 _a585
942 _cBK
999 _c8235
_d8235